000
00259nam a22001217a 4500
008
170505b xxu||||| |||| 00| 0 eng d
041
_a
eng
080
_2
4TH
_a
343.9
100
_a
15
101
_a
SHJ
245
_a
CRIMINOLOGY
_c
BARKAN, S.E
942
_2
udc
_c
BK
999
_c
12760
_d
12760